| 000 | 02977cam a22004934i 4500 | ||
|---|---|---|---|
| 003 | PE-LiUPU | ||
| 005 | 20250731173150.0 | ||
| 008 | 150623s2003 miu rb 000 0 eng d | ||
| 020 |
_a9780802842756 _q(Volume 3) |
||
| 035 | _a(Sirsi) i9780802842732 | ||
| 040 |
_aPE-LiUPU _bspa _cPE-LiUPU _erda |
||
| 049 | _aPRUA | ||
| 082 | 0 | 4 |
_a220.609 _bH25 _221 |
| 245 | 0 | 2 |
_aA history of biblical interpretation. _n1 / _cAlan J. Hauser editor. |
| 264 | 1 |
_aGrand Rapids : _bWilliam B. Eerdmans Publishing Company, _c2003. |
|
| 300 |
_a2 volumenes ; _c24 centímetros |
||
| 336 |
_atext _2rdacontent |
||
| 337 |
_aunmediated _2rdamedia |
||
| 338 |
_avolume _2rdacarrier |
||
| 504 | _aIncluye bibliografía. | ||
| 505 | 0 |
_aVolumen 1. _aIntroduction and overview. Inner-biblical exegesis in the tanak -- Hebrew into greek: interpretation in, by, and of the septuagent -- Philo of Alexandria as eceget -- Biblical interpretation in the dead sea scrolls -- Interpretation of scripture in the targumim. |
|
| 505 | 0 |
_aVolumen 3. _aIntroduction and Overview -- The Term "Enlightenment" and Biblical Interpretation -- An Overview of Historical Criticism -- Spinoza and His Influence on Biblical Interpretation -- Schleiermacher as New Testament Scholar and Theologian -- Biblical Interpretation in the Work of F. C. Baur and the Tubingen School -- David Friedrich Strauss and Ludwig Feuerbach: The Rise of Sturm und Drang in Biblical Scholarship -- Textual Criticism of the Hebrew Bible: Masoretes to the Nineteenth Century -- Wilhelm De Wette and His Contemporaries -- Graf and Wellhausen, and Their Legacy -- The Text and Lexicography of the New Testament in the Eighteenth and Nineteenth Centuries -- The Quest for the Historical Jesus and Its Implications for Biblical Interpretation -- Biblical Interpretation in Continental and American Pietism -- Biblical Interpretation in North America Through the Nineteenth Century. |
|
| 526 | _aSEG42 | ||
| 526 | _aSEG41 | ||
| 526 | _aSEG40 | ||
| 526 | _aSEG39 | ||
| 526 | _aP94 | ||
| 526 | _aP87 | ||
| 526 | _aP86 | ||
| 526 | _aP85 | ||
| 526 | _aP77 | ||
| 526 | _aP76 | ||
| 526 | _aP35 | ||
| 630 | 0 | 4 |
_aBiblia _xCrítica, interpretación, etc. _xHistoria. |
| 700 | 1 |
_aHauser, Alan J., _eeditor. |
|
| 942 |
_2ddc _cBOOK |
||
| 949 |
_a220.609 H25 1 _wDEWEY _c1 _i53425 _lCCODEBUL1 _mBUL _p45.00 _r0 _sY _tBOOK _u2015-6-24 _xTEOLOGIA _PP35 _0COMPRA _o.STAFF. Colección General |
||
| 994 |
_aC0 _bPEPRU |
||
| 596 | _a1 | ||
| 999 |
_a220.609 H25 1 _wDEWEY _c35397 _i53425 _f2021-11-9 _g5 _lCCODEBUL1 _mBUL _p45.00 _r0 _sY _tBOOK _u2015-6-24 _xTEOLOGIA _PP35 _0COMPRA _o.STAFF. Colección Teología _d35397 |
||
| 999 |
_a220.609 H25 3 _wDEWEY _c1 _i77644 _d2018-6-14 _e2018-5-6 _f2021-11-9 _g4 _lCCODEBUL1 _mBUL _n9 _p36.80 _q3 _r0 _sY _tBOOK _u2017-12-19 _xTEOLOGIA _PP85 _0COMPRA _o.STAFF. Colección Teología |
||
| 980 |
_81 _gALBERTO SANCHEZ Responsable de Automatización |
||